| 000 | 01010nam a2200313Ia 4500 | ||
|---|---|---|---|
| 001 | Para_3721 | ||
| 003 | CHAP | ||
| 008 | 220125s[199 xx 000 0 und d | ||
| 010 | _a202156 | ||
| 040 | _cCHAP | ||
| 082 | _aPA-C 632.951 S67 | ||
| 100 |
_aEwart, W. H _939014 |
||
| 245 |
_aImportant factors to consider in the use of DDT for the control of citrus thrips and citricola scale in central California in 1947 / _c W. H. Ewart, Paul DeBach |
||
| 260 |
_aRiverside, Cal. : _b University of California |
||
| 300 | _a4 h. | ||
| 440 |
_aNews letter; 30 _9167211 |
||
| 500 | _aEncuadernado con impresos similares | ||
| 650 |
_aDDT (insecticida) _931376 |
||
| 650 |
_aInsecticidas _x Efecto en cĂtricos _958863 |
||
| 650 |
_aInsecticidas _x toxicidad _958882 |
||
| 700 |
_aDe Bach, Paul _931378 |
||
| 901 | _aPA-C 632.951 S67 | ||
| 902 | _aA | ||
| 905 | _a000000[19--] RIV 0000000000 00 | ||
| 910 | _a[19- | ||
| 942 | _cPARA | ||
| 942 |
_cPARA _d1 |
||
| 999 |
_c202156 _d202156 |
||